Statistics for Heroes of Might and Magic V Elf Creatures

Click here to take the quiz!

General Stats

  • This quiz has been taken 42 times
  • The average score is 7 of 14

Answer Stats

LevelCreature% Correct
7Green Dragon
91%
7Emerald Dragon
75%
5Unicorn
75%
4Druid
72%
2Blade Dancer
66%
3Hunter
56%
5Silver Unicorn
47%
6Treant
47%
2War Dancer
47%
1Pixie
44%
6Ancient Treant
38%
3Master Hunter
28%
1Sprite
22%
4Druid Elder
19%

Score Distribution

Percentile by Number Answered

Percent of People with Each Score

Your Score History

You have not taken this quiz